Real Madrid CF Squad 2001-2002 - Statistics

General Stats
  • This quiz has been taken 127 times
    67 since last reset
  • The average score is 14 of 26
Answer Stats
# Position Nation Player % Correct
1 GK Spain Iker Casillas
98%
5 MF France Zinédine Zidane
92%
3 DF Brazil Roberto Carlos
90%
10 FW Portugal Luís Figo
88%
4 DF Spain Fernando Hierro
85%
7 FW Spain Raúl
85%
8 MF England Steve McManaman
81%
2 DF Spain Míchel Salgado
79%
14 MF Spain Guti
73%
9 FW Spain Fernando Morientes
71%
6 DF Spain Iván Helguera
67%
24 MF France Claude Makélélé
60%
21 MF Argentina Santiago Solari
58%
- Coach Spain Vicente del Bosque
58%
13 GK Spain César Sánchez
48%
11 FW Brazil Sávio
40%
18 DF Spain Aitor Karanka
31%
22 DF Spain Francisco Pavón
29%
15 MF Cameroon Geremi Njitap
29%
12 MF Spain Iván Campo
23%
16 MF Brazil Flávio Conceição
21%
23 FW Spain Pedro Munitis
15%
39 FW Spain Javier Portillo
13%
30 DF Spain Raúl Bravo
13%
20 MF Spain Albert Celades
10%
19 FW Bosnia and Herzegovina Elvir Baljić
6%
No matching quizzes found
Score Distribution
Percent of People with Each Score
Percentile by Number Answered
Your Score History
You have not taken this quiz since the last reset